Scribner Reading Series: (Record no. 2283)

000 -LEADER
fixed length control field nam a22 a 4500
005 - DATE AND TIME OF LATEST TRANSACTION
control field 20170516085240.0
008 - FIXED-LENGTH DATA ELEMENTS--GENERAL INFORMATION
fixed length control field 170516b1987 nyu||||| |||| 00| 0 eng d
020 ## - INTERNATIONAL STANDARD BOOK NUMBER
International Standard Book Number 002256120x
040 ## - CATALOGING SOURCE
Original cataloging agency AKMAL
082 04 - DEWEY DECIMAL CLASSIFICATION NUMBER
Classification number 417.4 CAS
090 ## - LOCALLY ASSIGNED LC-TYPE CALL NUMBER (OCLC); LOCAL CALL NUMBER (RLIN)
Classification number (OCLC) (R) ; Classification number, CALL (RLIN) (NR) 417.4
Local cutter number (OCLC) ; Book number/undivided call number, CALL (RLIN) CAS
100 ## - MAIN ENTRY--PERSONAL NAME
Personal name Jack Cassidy
9 (RLIN) 4803
245 ## - TITLE STATEMENT
Title Scribner Reading Series:
Remainder of title Climg The Hills
Statement of responsibility, etc. Jack Cassidy, Doris Roettger, Karen K.Wixson
260 ## - PUBLICATION, DISTRIBUTION, ETC.
Place of publication, distribution, etc. New York
Name of publisher, distributor, etc. SCRIBNER EDUCATIONAL PUBLISHERS
Date of publication, distribution, etc. 1987
300 ## - PHYSICAL DESCRIPTION
Extent 624p
Dimensions 22cm
942 ## - ADDED ENTRY ELEMENTS (KOHA)
Source of classification or shelving scheme
Koha item type Book
Holdings
Withdrawn status Lost status Source of classification or shelving scheme Damaged status Not for loan Collection code Home library Current library Shelving location Date acquired Inventory number Total Checkouts Full call number Barcode Date last seen Price effective from Koha item type
          FICTION AKMAL Melaka AKMAL Melaka PINJAMAN 16.05.2017 400175   417.4 CAS 201706551 16.05.2017 16.05.2017 Book
Pusat Sumber Maklumat Dato' Haji Sarmin Md Hussin, Akademi Kastam Diraja Malaysia, Melaka
Tel: 06-2331106 | Faks: 06-2313787